[Event "HUN-chT4 1112"]
[Site "Hungary"]
[Date "2012.02.26"]
[Round "7.2"]
[White "Takacs, Florian"]
[Black "Madarasz, Miklos"]
[Result "1-0"]
[WhiteElo "1587"]
[BlackElo "1724"]
[PlyCount "65"]
[EventDate "2011.09.11"]
[EventType "team-tourn"]
[EventRounds "9"]
[EventCountry "HUN"]
[SourceTitle "EXT 2016"]
[Source "ChessBase"]
[SourceDate "2015.10.08"]
[SourceVersion "1"]
[SourceVersionDate "2015.10.08"]
[SourceQuality "1"]

1. d4 g6 2. c4 Bg7 3. Nc3 e6 4. Nf3 h6 5. e3 Ne7 6. Qc2 0-0 7. Bd3 d5 8. b3 b6 9. Ba3 Bb7 10. cxd5 exd5 11. 0-0 c6 12. Rac1 Nd7 13. Ne2 Rc8 14. Nf4 Re8 15. h4 h5 16. Ng5 c5 17. Qe2 Qc7 18. Rfe1 Qd6 19. g3 Qf6 20. Bb5 Nc6 21. dxc5 Nd4 22. Bxd7 Nxe2+ 23. Rxe2 Qe5 24. c6 Red8 25. Bxc8 Rxc8 26. Rec2 Ba6 27. Bb2 Qf5 28. c7 Bxb2 29. Rxb2 Qd7 30. Rbc2 Kg7 31. a3 d4 32. exd4 Qxd4 33. Nge6+ 1-0

[Event "Kisber op"]
[Site "Kisber"]
[Date "2011.07.24"]
[Round "6"]
[White "Takacs, Florian"]
[Black "Viczencz, Peter"]
[Result "1-0"]
[WhiteElo "1598"]
[BlackElo "1497"]
[PlyCount "45"]
[EventDate "2011.07.21"]
[EventType "swiss"]
[EventRounds "7"]
[EventCountry "HUN"]
[SourceTitle "EXT 2012"]
[Source "ChessBase"]
[SourceDate "2011.11.24"]
[SourceVersion "1"]
[SourceVersionDate "2011.11.24"]
[SourceQuality "1"]

1. d4 e5 2. dxe5 Nc6 3. Nf3 Qe7 4. g3 Nxe5 5. Nxe5 Qxe5 6. Bg2 Bb4+ 7. c3 Bc5 8. 0-0 Nf6 9. Bf4 Qe7 10. Bxc7 d6 11. Ba5 0-0 12. e3 Bg4 13. Qd3 Rab8 14. b4 Bxe3 15. Re1 Bxf2+ 16. Kxf2 Be6 17. b5 Ng4+ 18. Kg1 Qf6 19. Rf1 Qe5 20. Bb4 Bf5 21. Rxf5 Qe3+ 22. Qxe3 Nxe3 23. Rf2 1-0